000 00397pab a2200157 454500
008 180718b2010 xxu||||| |||| 00| 0 eng d
100 _aGanesh, S.K.G.
245 _aValue-based higher education: Some reflections from the global scenario
260 _c2010
300 _ap.1-8.
362 _a6 Dec
650 _aHigher education
773 _aUniversity News
908 _aN
909 _a90005
999 _c90005
_d90005